00645nam a2200205 45000010005000000030008000050050017000130080041000300350018000710400042000890410008001310820022001391000047001612450073002082600031002813000041003125040020003536500031003738300035004043258BD-RjUL20211208233712.0131218s1966 enkab 001 0 eng d a(BD-RjUL)3292 aDLCcTOLdm.cdSERdEUXdBD-RjULbeng aeng00a338.272bSIC 19661 aSimpson, E. S.q(Edward Smethurst),d1926-10aCoal and the power industries in postwar Britain /cby E.S. Simpson. aLondon :bLongmans,c1966. axix, 170 p :bmaps, tables ;c22 cm. aIncludes index. 0aCoal tradezGreat Britain. 0aLongmans' geography paperbacks